[Event "EWIRCC 2019"]
[Site "Monte-Carlo"]
[Date "2019.12.01"]
[Round "6.12"]
[White "Unuk, Laura"]
[Black "Osmak, Iulija"]
[Result "0-1"]
[WhiteElo "2298"]
[BlackElo "2401"]
[Annotator "TA"]
[PlyCount "84"]
[EventDate "2019.11.28"]
[EventType "swiss"]
[EventCountry "MNC"]
[SourceTitle "playchess.com"]
[Source "ChessBase"]
[SourceQuality "1"]

{[%evp 15,163,24,19,-75,0,0,0,0,0,0,13,7,16,16,18,0,33,-16,-1,-14,-7,-6,56,0,0,0,0,0,20,-29,38,-33,-7,-12,-3,-64,-61,-58,-62,-134,-133,-127,-132,-181,-187,-175,-114,-135,-135,-127,-85,-80,0,-99,-85,-146,-45,-33,-38,-162,-170,-168,-168,-164,-158,-189,-179,-202,-166,-187,-174,-340,-354,-744,-760,-1147,-855,-784,-771,-1415,-659,-29960,-29961,-29993,-29993,-29993,-1984,-1860,-1879,-1665,-1277,-1244,-1301,-1518,-1414,-29969,-29971,-29963,-12345,-29971,-29972,-29969,-29965,-29957,-6161,-6203,-5795,-29971,-1741,-29972,-29973,-29975,-29975,-29975,-29977,-29978,-29976,-29974,-29972,-29977,-4586,-29982,-12804,-6829,-1945,-29981,-29982,-29983,-29984,-29984,-29985,-29990,-29980,-29979,-29978,-29975,-29973,-29967,-6950,-29978,-29979,-29990,-29991,-29991,-29991,-29993,-29992,-29996,-29997,-29999]} 1. d4 e6 2. c4 Nf6 3. g3 d5 4. Nf3 c6 5. Bg2 Be7 6. O-O O-O 7. Qc2 b6 8. Rd1 Nbd7 9. Ne5 {E08: Closed Catalan: Main Line: 7 Qc2} (9. b3 $1 $11) 9... Bb7 (9... Nxe5 $17 10. dxe5 Ng4) 10. cxd5 (10. Nc3 Nxe5 11. dxe5 Ng4 12. Bf4 g5 13. Bc1 Nxe5 14. b3 Ng6 15. Bb2 Bf6 16. b4 {½-½ (49) Grischuk,A (2766)-Anand,V (2764) Paris 2019}) 10... cxd5 11. Nc6 {The position is equal.} Bxc6 12. Qxc6 Qc8 13. Qb5 Qb7 14. Nc3 Rac8 15. Bf4 $146 ({Predecessor:} 15. Qd3 a6 16. a4 {½-½ (55) Anikeev,V (2265)-Giobbi,C (2169) ICCF email 2016}) 15... Nb8 16. f3 Rc4 {Threatens to win with ...Nc6.} 17. e4 a6 18. Qb3 Rfc8 ({Black should play} 18... Nc6 $11 19. Ne2 b5) 19. e5 (19. Bf1 $14) 19... Nfd7 $11 20. Be3 b5 21. f4 g6 22. g4 f5 (22... Nc6 $11 23. a3 Qb6) 23. g5 (23. gxf5 $14 gxf5 24. a4) 23... Nb6 $15 24. a3 Nc6 25. Bf1 (25. Qa2 $11) 25... Na5 26. Qc2 R4c7 27. h4 (27. Rd3 $15) 27... Nac4 $17 28. Bc1 {[#]} Nxa3 $1 {[%mdl 512]} 29. Qh2 (29. Rxa3 Bxa3) 29... b4 30. Ne2 Nb5 (30... Nc2 $19 31. Rb1 a5) 31. h5 {With the idea hxg6.} Bf8 $1 32. Qh4 Rc2 33. Rd3 Nc4 (33... Qg7 $17) 34. Rh3 (34. hxg6 $11 {was the only way to keep the balance.} hxg6 35. Rh3) 34... Bg7 $36 {[%mdl 2048] White is under strong pressure.} 35. b3 (35. hxg6 $142 Qb6 36. gxh7+ Kh8 37. Rd3) 35... Nd2 ({Better is} 35... Qa7 $17 36. bxc4 Rxe2 {[%mdl 64] Remove Defender} 37. Bxe2 Qxd4+ {[%mdl 64] Double Attack} 38. Qf2 Qxa1 39. cxb5 Qxc1+ 40. Kg2 axb5 41. hxg6 hxg6) 36. Bxd2 $1 $15 Rxd2 37. Qe1 (37. hxg6 $15 Nxd4 38. Qxh7+ (38. Nxd4 Qb6 $15) 38... Kf8 39. Qh8+ (39. Nxd4 $2 Qb6 $19) 39... Bxh8 40. Rxh8+ Kg7 {[%mdl 64] Double Attack} 41. Rh7+ Kxg6 42. Rxb7 Nxe2+ 43. Bxe2 Rxe2 44. Rxb4) 37... Rcc2 $19 38. Rd1 Rxd1 39. Qxd1 Rc8 40. hxg6 hxg6 41. Qe1 a5 42. Bg2 Qc6 {Played: Qb7-b6} 0-1

[Event "EWIRCC 2019"]
[Site "Monte-Carlo"]
[Date "2019.12.01"]
[Round "6.13"]
[White "Gaponenko, Inna"]
[Black "Stefanova, Antoaneta"]
[Result "1/2-1/2"]
[WhiteElo "2427"]
[BlackElo "2481"]
[Annotator "TA"]
[PlyCount "119"]
[EventDate "2019.11.28"]
[EventType "swiss"]
[EventCountry "MNC"]
[SourceTitle "playchess.com"]
[Source "ChessBase"]
[SourceQuality "1"]

{[%evp 13,119,22,28,31,20,30,30,30,30,30,35,37,34,31,27,10,0,-8,0,0,0,0,0,-1,0,-10,-11,-15,0,0,0,-60,-22,-75,-52,-44,-47,-54,-28,-26,-27,-80,-80,-80,-80,-77,-30,-30,-30,-30,-30,-30,-29,-55,-8,-8,-8,-20,-7,-12,-12,-102,-102,-102,-102,-102,-102,-102,-102,-102,-102,-102,-102,-102,-102,-117,-102,-102,-102,-102,-102,-102,-102,-102,-102,-102,-102,-102,-102,-102,-102,-102,-102,-102,-102,-102,-102,-102,-102,-104,-102,-102,-61,-61,-61,-61,0,-61]} 1. e4 e5 2. Nf3 Nc6 3. Bb5 a6 4. Ba4 Nf6 5. O-O Bc5 6. c3 O-O 7. d4 Ba7 8. dxe5 {C78: Ruy Lopez: Archangelsk and Möller Defences} Nxe4 9. Qd5 Nc5 10. Bc2 {White has an edge.} Ne7 11. Qd1 d5 12. exd6 Qxd6 13. Qxd6 cxd6 14. Rd1 Bg4 {[#]} 15. Bf4 $146 ({Predecessor:} 15. Rxd6 Bf5 {½-½ (41) Karjakin,S (2782)-Carlsen,M (2843) Stavanger 2018}) 15... Bxf3 16. gxf3 d5 17. Nd2 Ne6 18. Bd6 Rfe8 19. Nb3 Rad8 20. Bg3 f5 {Hoping for ...f4.} 21. Re1 Kf7 $1 {next ...f4 is good for Black.} 22. Be5 (22. Kf1 $11) 22... Nc6 {aiming for ...Ng5.} 23. Kf1 (23. Bxf5 $11 Ng5 24. Bc7 Nxf3+ 25. Kf1) 23... Nxe5 (23... g6 {is more complex.} 24. f4 d4 25. cxd4 Bxd4 26. Nxd4 Nexd4 27. Bxd4 Rxd4 28. Bb3+ Kf8) 24. Rxe5 g6 25. Rd1 Nf4 26. Rxe8 Rxe8 27. Nd4 (27. Nc1 $11) 27... Kf6 $17 28. Bb3 g5 29. Rd2 h5 (29... Bxd4 $5 30. Rxd4 Ke5 $15) 30. Ne2 Nxe2 31. Rxe2 Rxe2 32. Kxe2 $11 {[%mdl 4096] Endgame KB-KB} Ke5 33. f4+ gxf4 34. Kf3 d4 35. h4 d3 36. Bf7 d2 37. Ke2 {[#]} (37. Bb3 $1 $11 {keeps the balance.}) 37... f3+ $1 $17 {[%mdl 512]} 38. Kxd2 (38. Kxf3 d1=Q+) 38... Bxf2 39. Bxh5 Kf4 ({Of course not} 39... Bxh4 $6 40. Bxf3 Bg5+ 41. Kd3 $11) 40. Bf7 Bxh4 41. Bd5 {[#]} b6 $1 42. b4 Bf6 43. c4 Bd4 44. a4 a5 45. bxa5 {Threatens to win with a6.} bxa5 46. Kd3 Bc5 47. Kd2 f2 48. Ke2 Ke5 49. Bc6 Kd6 50. Bd5 Bd4 51. Kf1 Kc5 52. Be6 Kb4 53. Bd7 f4 54. Bb5 Kc5 55. Be8 Kxc4 56. Bd7 Kb4 57. Be8 f3 58. Bd7 Kb3 59. Bc6 Kb4 (59... Kc4 $15) 60. Be8 {Accuracy: White = 55%, Black = 67%.} (60. Bd7 $1 $11) 1/2-1/2

[Event "EWIRCC 2019"]
[Site "Monte-Carlo"]
[Date "2019.12.01"]
[Round "6.14"]
[White "Dornbusch, Tatiana"]
[Black "Gunina, Valentina"]
[Result "0-1"]
[WhiteElo "2269"]
[BlackElo "2509"]
[Annotator "ChessBase"]
[PlyCount "70"]
[EventDate "2019.11.28"]
[EventType "swiss"]
[EventCountry "MNC"]
[SourceTitle "playchess.com"]
[Source "ChessBase"]
[SourceQuality "1"]
[TimeControl "5400+30"]

1. d4 {[%emt 1:15:12]} Nf6 {[%emt 1:15:11]} 2. Nf3 {[%emt 0:00:21]} d5 {[%emt 0:00:23]} 3. c4 {[%emt 0:00:22]} e6 {[%emt 0:00:21]} 4. Nc3 {[%emt 0:00:24]} a6 {[%emt 0:00:22]} 5. cxd5 {[%emt 0:01:11]} exd5 {[%emt 0:00:21]} 6. Bg5 {[%emt 0:00:24]} Be6 {[%emt 0:00:27]} 7. e3 {[%emt 0:00:29]} Nbd7 {[%emt 0:00:31]} 8. Bd3 {[%emt 0:01:04]} h6 {[%emt 0:00:23]} 9. Bh4 {[%emt 0:00:39]} g5 {[%emt 0:00:27]} 10. Bg3 {[%emt 0:00:24]} Nh5 {[%emt 0:00:22]} 11. Be5 {[%emt 0:01:15]} Nhf6 {[%emt 0:00:35]} 12. O-O {[%emt 0:01:33]} g4 {[%emt 0:00:35]} 13. Bxf6 {[%emt 0:02:34]} Qxf6 {[%emt 0:00:22]} 14. Nd2 {[%emt 0:00:20]} O-O-O {[%emt 0:01:21]} 15. f4 {[%emt 0:00:59]} gxf3 {[%emt 0:00:49]} 16. Qxf3 {[%emt 0:02:04]} Qg5 {[%emt 0:00:22]} 17. Qf4 {[%emt 0:01:34]} Bd6 {[%emt 0:01:48]} 18. Qxg5 {[%emt 0:00:26]} hxg5 {[%emt 0:00:21]} 19. g3 {[%emt 0:00:24]} Rh6 {[%emt 0:00:22]} 20. Rf2 {[%emt 0:01:30]} Rdh8 {[%emt 0:00:25]} 21. Nf1 {[%emt 0:00:25]} Nf6 {[%emt 0:00:59]} 22. Be2 {[%emt 0:02:28]} c6 {[%emt 0:00:25]} 23. Rc1 {[%emt 0:00:30]} Kd7 {[%emt 0:00:31]} 24. Bf3 {[%emt 0:00:29]} Ke7 {[%emt 0:01:20]} 25. e4 {[%emt 0:00:41]} dxe4 {[%emt 0:01:38]} 26. Bxe4 {[%emt 0:00:40]} Ng4 {[%emt 0:00:37]} 27. Re2 {[%emt 0:00:23]} Kf8 {[%emt 0:00:21]} 28. d5 {[%emt 0:00:30]} Bc5+ {[%emt 0:03:30]} 29. Kg2 {[%emt 0:00:48]} cxd5 {[%emt 0:00:51]} 30. Nxd5 {[%emt 0:00:44]} Ba7 {[%emt 0:00:23]} 31. Rc7 {[%emt 0:01:39]} Nxh2 {[%emt 0:00:44]} 32. Nxh2 {[%emt 0:01:14]} Rxh2+ {[%emt 0:00:22]} 33. Kf1 {[%emt 0:00:33]} Rh1+ {[%emt 0:00:23]} 34. Kg2 {[%emt 0:01:24]} R8h2+ {[%emt 0:00:23]} 35. Kf3 {[%emt 0:00:26]} Rf1+ {[%emt 0:00:21]} 0-1

[Event "EWIRCC 2019"]
[Site "Monte-Carlo"]
[Date "2019.12.01"]
[Round "6.15"]
[White "Paehtz, Elisabeth"]
[Black "Belenkaya, Dina"]
[Result "1/2-1/2"]
[WhiteElo "2484"]
[BlackElo "2302"]
[Annotator "TA"]
[PlyCount "140"]
[EventDate "2019.11.28"]
[EventType "swiss"]
[EventCountry "MNC"]
[SourceTitle "playchess.com"]
[Source "ChessBase"]
[SourceQuality "1"]

{[%evp 11,140,-11,0,-16,0,0,50,18,24,24,16,16,14,7,24,24,33,28,22,27,33,-7,0,0,48,41,33,31,62,61,68,69,57,66,90,90,93,90,91,95,84,36,52,1,8,21,7,0,29,0,7,5,2,0,0,0,8,0,0,-21,-21,-33,0,-50,0,0,-3,-783,-11,-12,-12,-35,-35,-35,-35,-49,-42,-49,0,0,7,0,15,-14,26,13,14,9,10,12,15,0,0,0,0,0,0,-30,-30,-30,-30,-30,-30,-146,-94,-152,-142,-1222,-1153,-769,-36,-36,-8,-8,0,0,0,0,0,0,0,0,0,0,0,0,0,0,0,0,0]} 1. d4 d5 2. Bf4 c5 3. e3 Nc6 4. c3 Nf6 5. Nd2 Bf5 6. Ngf3 e6 7. Qa4 {D00: 1 d4 d5: Unusual lines} (7. Be2 Bd6 8. dxc5 Bxc5 9. Nd4 Bg6 10. Qa4 O-O 11. Nxc6 bxc6 12. Qxc6 Rc8 13. Qa4 Re8 14. O-O e5 {0-1 (57) Le,Q (2737)-Ding,L (2777) Riadh 2017}) 7... a6 8. Ne5 Qc8 (8... Qb6 {is interesting.} 9. Nxc6 bxc6 10. Qb3 Qa7 11. Qa4 Qb6) 9. Nxc6 {White is slightly better.} (9. dxc5 {seems wilder.} Be7 10. Ndf3 Bxc5 11. Nd4 O-O 12. Nexc6 bxc6 13. Qxc6 Qxc6 14. Nxc6 Rfc8 15. Nd4) 9... Qxc6 $146 ({Predecessor:} 9... bxc6 10. dxc5 Bxc5 11. Nb3 Nd7 12. Nxc5 Nxc5 13. Qd4 Nd7 14. Qxg7 Rf8 {1-0 (46) Hillgaertner,W (2055)-Nahler,M (1842) Bad Homburg 2006}) 10. Qxc6+ bxc6 11. dxc5 Bxc5 12. Nb3 Bb6 13. Nd4 Kd7 14. Nxf5 exf5 15. Bd3 g6 16. h4 h5 17. c4 Rhe8 18. O-O-O Ng4 19. Rd2 Ba5 20. Rc2 Ne5 21. Be2 Ke6 22. Rd1 Rec8 23. Kb1 Rd8 24. cxd5+ cxd5 25. Bxe5 Kxe5 26. Bf3 Rab8 27. b3 ({Better is} 27. a3 $14) 27... Rd6 $11 28. Rc5 Rb5 29. Rc8 Bd8 30. Rd4 a5 31. g3 Ke6 32. Be2 Rbb6 33. Bf3 Rb5 34. Ra8 Bf6 35. Rd3 Rc5 36. Ra7 d4 37. Be2 Be5 38. exd4 Bxd4 39. Rf3 $2 {[%mdl 8192] [#]} (39. f4 $11) 39... Rc1+ $2 (39... Rdc6 $19 {[%csl Gc6][%cal Rc5c1]} 40. Bc4+ Rxc4 {[%mdl 64] Discovered Attack} 41. bxc4 Bxa7) 40. Kxc1 Bxa7 {[%mdl 4096] Endgame KRB-KRB} 41. Bc4+ Kf6 42. Rf4 Bd4 43. Kc2 Rd7 44. Rf3 Ke5 45. Rd3 Rc7 46. f3 f6 47. Kd2 Rc5 48. Ke2 g5 49. Rd2 f4 50. gxf4+ gxf4 51. Rd1 Rc7 52. Kd3 Rg7 53. Re1+ Be3 $1 54. Rh1 Rg3 55. Bf7 Rxf3 56. Bxh5 Rg3 57. Be8 (57. Rf1 $11) 57... Bg1+ (57... Bb6+ $142 58. Kd2 f3) 58. Ke2 (58. Kc2 $142) 58... f3+ $17 59. Kf1 $2 {[%mdl 8192]} (59. Kd2 $17) 59... Be3 $19 60. Bc6 f2 $2 ({Black should try} 60... f5 $19 {Strongly threatening ...f4.} 61. Bxf3 {[%mdl 64] Remove Defender} Rxf3+ 62. Kg2 Rf2+ 63. Kh3 Rxa2) 61. Bg2 $1 $15 Bd4 62. h5 $132 {[%mdl 2048] The position is equal. White is not keeping still} Rc3 63. h6 {[#] Black must now prevent h7.} Rc1+ 64. Ke2 Rxh1 $1 65. Bxh1 $11 {Threatens to win with h7. KB-KB} Kf4 66. h7 f5 67. a3 Kg5 68. b4 axb4 69. axb4 Kh6 70. h8=Q+ Bxh8 {Accuracy: White = 40%, Black = 45%.} 1/2-1/2

[Event "EWIRCC 2019"]
[Site "Monte-Carlo"]
[Date "2019.12.01"]
[Round "6.16"]
[White "Zaksaite, Salomeja"]
[Black "Socko, Monika"]
[Result "1-0"]
[WhiteElo "2202"]
[BlackElo "2417"]
[Annotator "NA RC"]
[PlyCount "169"]
[EventDate "2019.11.28"]
[EventType "swiss"]
[EventCountry "MNC"]
[SourceTitle "playchess.com"]
[Source "ChessBase"]
[SourceQuality "1"]
[TimeControl "5400+30"]

1. e4 {[%emt 1:15:15]} c6 {[%emt 1:15:11]} 2. d4 {[%emt 0:00:29]} d5 {[%emt 0:00:22]} 3. exd5 {[%emt 0:00:21]} cxd5 {[%emt 0:00:21]} 4. c4 {[%emt 0:00:21]} Nf6 {[%emt 0:00:24]} 5. Nc3 {[%emt 0:00:22]} e6 {[%emt 0:00:22]} 6. Nf3 {[%emt 0:00:33]} Bb4 {[%emt 0:00:22]} 7. c5 {[%emt 0:01:50]} O-O {[%emt 0:02:13]} 8. Bd3 {[%emt 0:00:38]} Ne4 {[%emt 0:00:52]} 9. O-O {[%emt 0:00:28]} f5 {[%emt 0:00:33]} 10. Qc2 {[%emt 0:02:40]} Nc6 {[%emt 0:01:05]} 11. a3 {[%emt 0:00:23]} Bxc3 {[%emt 0:00:42]} 12. bxc3 {[%emt 0:00:21]} Bd7 {[%emt 0:00:22]} 13. c4 {[%emt 0:01:08]} Be8 {[%emt 0:00:42]} 14. cxd5 {[%emt 0:01:53]} exd5 {[%emt 0:00:28]} 15. Bb5 {[%emt 0:00:55]} f4 {[%emt 0:05:22]} 16. Bxc6 {[%emt 0:03:01]} bxc6 {[%emt 0:00:21]} 17. Ne5 {[%emt 0:00:56]} Ng5 {[%emt 0:01:36]} 18. f3 {[%emt 0:00:56]} Rf6 {[%emt 0:01:42]} 19. Re1 {[%emt 0:01:36]} Bd7 {[%emt 0:00:57]} 20. Bd2 {[%emt 0:00:44]} Nf7 {[%emt 0:01:57]} 21. Qd3 {[%emt 0:01:30]} Bf5 {[%emt 0:00:54]} 22. Qe2 {[%emt 0:01:17]} g5 {[%emt 0:00:44]} 23. a4 {[%emt 0:00:22]} Re6 {[%emt 0:00:44]} 24. Nxf7 {[%emt 0:01:23]} Kxf7 {[%emt 0:03:44]} 25. Qa6 Qc8 {[%emt 0:00:00]} 26. Qxc8 {[%emt 0:01:15]} Rxc8 {[%emt 0:00:00]} 27. Rxe6 {[%emt 0:00:37]} Kxe6 {[%emt 0:00:00]} 28. g3 {[%emt 0:00:27]} fxg3 {[%emt 0:00:00]} 29. hxg3 {[%emt 0:00:23]} g4 {[%emt 0:00:00]} 30. Re1+ {[%emt 0:00:26]} Kf6 {[%emt 0:00:00]} 31. fxg4 {[%emt 0:00:50]} Bxg4 {[%emt 0:00:14]} 32. Rb1 {[%emt 0:01:28]} Re8 {[%emt 0:01:07]} 33. Rb7 {[%emt 0:00:24]} Re2 {[%emt 0:00:21]} 34. Bf4 {[%emt 0:00:21]} Ra2 {[%emt 0:00:21]} 35. Rxa7 {[%emt 0:00:33]} Kf5 {[%emt 0:00:21]} 36. Be5 {[%emt 0:01:06]} Ke4 {[%emt 0:00:43]} 37. Rxh7 {[%emt 0:00:49]} Ke3 {[%emt 0:00:32]} 38. Rf7 {[%emt 0:00:40]} Bf3 {[%emt 0:00:28]} 39. g4 {[%emt 0:00:36]} Rg2+ {[%emt 0:01:09]} 40. Kf1 {[%emt 0:00:24]} Ra2 {[%emt 0:01:33]} 41. Kg1 {[%emt 0:00:25]} Bxg4 {[%emt 0:01:01]} 42. Rf1 {[%emt 0:00:35]} Bf3 {[%emt 0:00:28]} 43. Re1+ {[%emt 0:00:23]} Kd3 {[%emt 0:00:20]} 44. Rb1 {[%emt 0:00:42]} Be4 {[%emt 0:00:29]} 45. a5 {[%emt 0:00:23]} Ke3 {[%emt 0:00:50]} 46. Re1+ {[%emt 0:00:36]} Kd3 {[%emt 0:00:26]} 47. Rb1 {[%emt 0:00:25]} Kc3 {[%emt 0:00:30]} 48. Rb6 {[%emt 0:00:27]} Kd3 {[%emt 0:00:32]} 49. Rxc6 {[%emt 0:00:29]} Rxa5 {[%emt 0:01:05]} 50. Rb6 {[%emt 0:00:29]} Ke3 {[%emt 0:00:00]} 51. Rb3+ {[%emt 0:00:23]} Bd3 {[%emt 0:00:04]} 52. c6 {[%emt 0:00:33]} Ra1+ {[%emt 0:00:21]} 53. Kg2 {[%emt 0:00:32]} Rc1 {[%emt 0:00:21]} 54. c7 {[%emt 0:00:22]} Ke4 {[%emt 0:00:25]} 55. Rb8 {[%emt 0:00:31]} Ba6 {[%emt 0:00:20]} 56. Ra8 {[%emt 0:00:30]} Bb7 {[%emt 0:00:21]} 57. Rb8 {[%emt 0:00:42]} Ba6 {[%emt 0:00:21]} 58. Rb6 {[%emt 0:00:33]} Bc8 {[%emt 0:00:27]} 59. Rf6 {[%emt 0:00:32]} Rc2+ {[%emt 0:00:29]} 60. Kg3 {[%emt 0:00:29]} Rc3+ {[%emt 0:00:26]} 61. Kh4 {[%emt 0:00:23]} Rc1 {[%emt 0:00:29]} 62. Rf4+ {[%emt 0:00:21]} Kd3 {[%emt 0:00:20]} 63. Kg5 {[%emt 0:00:26]} Rc6 {[%emt 0:00:25]} 64. Rf6 {[%emt 0:00:47]} Rc2 {[%emt 0:00:34]} 65. Rf8 {[%emt 0:00:34]} Be6 {[%emt 0:00:43]} 66. Kf6 {[%emt 0:00:22]} Bg4 {[%emt 0:00:39]} 67. Ke7 {[%emt 0:00:24]} Rc6 {[%emt 0:00:24]} 68. Rg8 {[%emt 0:00:42]} Bf5 {[%emt 0:00:28]} 69. Rg5 {[%emt 0:00:25]} Bc8 {[%emt 0:00:29]} 70. Kd8 {[%emt 0:00:23]} Ba6 {[%emt 0:00:27]} 71. Rg7 {[%emt 0:00:35]} Kc4 {[%emt 0:00:30]} 72. Rd7 {[%emt 0:00:23]} Bb7 {[%emt 0:00:31]} 73. Ke7 {[%emt 0:00:35]} Kb4 {[%emt 0:01:16]} 74. Rd8 {[%emt 0:00:44]} Ka5 {[%emt 0:01:10]} 75. Kd7 {[%emt 0:00:27]} Kb6 {[%emt 0:00:44]} 76. c8=Q {[%emt 0:00:25]} Bxc8+ {[%emt 0:00:21]} 77. Rxc8 {[%emt 0:00:21]} Rh6 {[%emt 0:00:21]} 78. Rb8+ {[%emt 0:00:00]} Ka6 {[%emt 0:00:11]} 79. Bd6 {[%emt 0:00:07]} Rh1 {[%emt 0:00:32]} 80. Kc6 {[%emt 0:00:24]} Ka7 {[%emt 0:00:26]} 81. Rb7+ {[%emt 0:00:27]} Ka8 {[%emt 0:00:30]} 82. Rb5 {[%emt 0:00:27]} Rc1+ {[%emt 0:00:23]} 83. Bc5 {[%emt 0:00:31]} Rd1 {[%emt 0:00:32]} 84. Ra5+ {[%emt 0:00:25]} Kb8 {[%emt 0:00:21]} 85. Bd6+ {[%emt 0:00:22]} 1-0

[Event "EWIRCC 2019"]
[Site "Monte-Carlo"]
[Date "2019.12.01"]
[Round "6.18"]
[White "Guichard, Pauline"]
[Black "Berzina, Ilze"]
[Result "1/2-1/2"]
[WhiteElo "2407"]
[BlackElo "2211"]
[Annotator "NA"]
[PlyCount "98"]
[EventDate "2019.11.28"]
[EventType "swiss"]
[EventCountry "MNC"]
[SourceTitle "playchess.com"]
[Source "ChessBase"]
[SourceQuality "1"]
[TimeControl "5400+30"]

1. c4 {[%emt 1:15:12]} e5 {[%emt 1:15:14]} 2. Nc3 {[%emt 0:00:21]} Nf6 {[%emt 0:00:23]} 3. Nf3 {[%emt 0:00:22]} Nc6 {[%emt 0:00:24]} 4. e3 {[%emt 0:00:23]} d5 {[%emt 0:01:12]} 5. cxd5 {[%emt 0:00:40]} Nxd5 {[%emt 0:00:22]} 6. Bb5 {[%emt 0:00:34]} Nxc3 {[%emt 0:00:33]} 7. bxc3 {[%emt 0:01:32]} Bd6 {[%emt 0:01:27]} 8. d4 {[%emt 0:01:42]} Bd7 {[%emt 0:01:13]} 9. O-O {[%emt 0:02:03]} e4 {[%emt 0:04:13]} 10. Nd2 {[%emt 0:01:46]} Qg5 {[%emt 0:00:28]} 11. Bxc6 {[%emt 0:01:42]} Bxc6 {[%emt 0:00:49]} 12. c4 {[%emt 0:03:50]} O-O {[%emt 0:00:35]} 13. c5 {[%emt 0:02:51]} Be7 {[%emt 0:00:37]} 14. Re1 {[%emt 0:00:41]} Rad8 {[%emt 0:00:56]} 15. Qe2 {[%emt 0:00:29]} Qg6 {[%emt 0:01:18]} 16. Nf1 {[%emt 0:00:36]} Rd5 {[%emt 0:00:59]} 17. a4 {[%emt 0:01:37]} h5 {[%emt 0:00:38]} 18. a5 {[%emt 0:01:20]} a6 {[%emt 0:00:34]} 19. Rb1 {[%emt 0:00:32]} h4 {[%emt 0:01:01]} 20. Bd2 {[%emt 0:00:42]} Rg5 {[%emt 0:01:32]} 21. g3 {[%emt 0:00:22]} Bb5 {[%emt 0:01:58]} 22. Rxb5 {[%emt 0:00:22]} axb5 {[%emt 0:00:24]} 23. Qxb5 {[%emt 0:00:22]} hxg3 {[%emt 0:00:48]} 24. fxg3 {[%emt 0:00:35]} Qa6 {[%emt 0:02:17]} 25. Qxa6 {[%emt 0:00:41]} bxa6 {[%emt 0:00:21]} 26. Rb1 {[%emt 0:00:21]} Rg6 {[%emt 0:00:53]} 27. Rb7 {[%emt 0:00:28]} Rc8 {[%emt 0:00:25]} 28. Bb4 {[%emt 0:00:45]} Kf8 {[%emt 0:00:49]} 29. Nd2 {[%emt 0:00:29]} f5 {[%emt 0:00:36]} 30. Nc4 {[%emt 0:00:22]} Ke8 {[%emt 0:00:56]} 31. Ne5 {[%emt 0:00:50]} Re6 {[%emt 0:00:21]} 32. Kf2 {[%emt 0:00:43]} g5 {[%emt 0:00:27]} 33. Bd2 {[%emt 0:00:41]} Bxc5 {[%emt 0:00:39]} 34. h4 {[%emt 0:00:52]} gxh4 {[%emt 0:00:26]} 35. gxh4 {[%emt 0:00:21]} Be7 {[%emt 0:00:30]} 36. h5 {[%emt 0:00:24]} Rh6 {[%emt 0:00:33]} 37. d5 {[%emt 0:00:36]} Rxh5 {[%emt 0:00:29]} 38. Kg3 {[%emt 0:00:39]} Bd6 {[%emt 0:00:36]} 39. Kf4 {[%emt 0:00:21]} Rh2 {[%emt 0:00:42]} 40. Bc3 {[%emt 0:00:21]} Rf2+ {[%emt 0:00:27]} 41. Kg5 {[%emt 0:00:21]} Ke7 {[%emt 0:00:40]} 42. Ng6+ {[%emt 0:00:50]} Kf7 {[%emt 0:00:21]} 43. Ne5+ {[%emt 0:00:33]} Bxe5 {[%emt 0:00:54]} 44. Bxe5 {[%emt 0:00:22]} Rg8+ {[%emt 0:00:45]} 45. Kh5 {[%emt 0:00:28]} Rc2 {[%emt 0:00:28]} 46. Bxc7 {[%emt 0:00:36]} Kf6 {[%emt 0:00:29]} 47. Rb6+ {[%emt 0:00:22]} Kf7 {[%emt 0:00:28]} 48. Rb7 {[%emt 0:00:21]} Kf6 {[%emt 0:00:27]} 49. Rb6+ {[%emt 0:00:21]} Kf7 {[%emt 0:00:31]} 1/2-1/2

[Event "EWIRCC 2019"]
[Site "Monte-Carlo"]
[Date "2019.12.01"]
[Round "6.19"]
[White "Buksa, Nataliya"]
[Black "Nicoara, Malina"]
[Result "1-0"]
[WhiteElo "2410"]
[BlackElo "2066"]
[Annotator "NA"]
[PlyCount "71"]
[EventDate "2019.11.28"]
[EventType "swiss"]
[EventCountry "MNC"]
[SourceTitle "playchess.com"]
[Source "ChessBase"]
[SourceQuality "1"]
[TimeControl "5400+30"]

1. e4 {[%emt 1:15:12]} c5 {[%emt 1:15:12]} 2. Nf3 {[%emt 0:00:21]} Nc6 {[%emt 0:00:21]} 3. Bb5 {[%emt 0:00:21]} g6 {[%emt 0:00:25]} 4. Bxc6 {[%emt 0:00:22]} dxc6 {[%emt 0:00:23]} 5. d3 {[%emt 0:00:22]} Bg7 {[%emt 0:00:21]} 6. h3 {[%emt 0:00:21]} Nf6 {[%emt 0:00:30]} 7. Nc3 {[%emt 0:00:23]} b5 {[%emt 0:00:37]} 8. Be3 {[%emt 0:00:26]} Nd7 {[%emt 0:00:38]} 9. Rb1 {[%emt 0:00:57]} Qa5 {[%emt 0:01:44]} 10. Qd2 {[%emt 0:00:21]} b4 {[%emt 0:00:30]} 11. Ne2 {[%emt 0:00:30]} Qxa2 {[%emt 0:00:21]} 12. O-O {[%emt 0:00:22]} Qa5 {[%emt 0:01:28]} 13. Bh6 {[%emt 0:00:32]} Bf6 {[%emt 0:00:41]} 14. Ng3 {[%emt 0:00:53]} Ba6 {[%emt 0:01:18]} 15. Rfe1 {[%emt 0:00:23]} Qc7 {[%emt 0:00:36]} 16. Qe3 {[%emt 0:02:53]} e5 {[%emt 0:01:28]} 17. c3 {[%emt 0:01:00]} Qd6 {[%emt 0:01:09]} 18. Red1 {[%emt 0:00:23]} Qe7 {[%emt 0:00:36]} 19. Ra1 {[%emt 0:00:46]} Bb7 {[%emt 0:00:25]} 20. cxb4 {[%emt 0:01:17]} a6 {[%emt 0:02:09]} 21. bxc5 {[%emt 0:00:22]} Qxc5 {[%emt 0:00:21]} 22. d4 {[%emt 0:00:21]} exd4 {[%emt 0:00:31]} 23. Nxd4 {[%emt 0:00:25]} Ne5 {[%emt 0:01:46]} 24. Rac1 {[%emt 0:00:40]} Qb4 {[%emt 0:01:40]} 25. Qf4 {[%emt 0:00:58]} Nd7 {[%emt 0:03:42]} 26. Nxc6 {[%emt 0:00:27]} Bxc6 {[%emt 0:00:25]} 27. Rxc6 {[%emt 0:00:21]} Be5 {[%emt 0:00:21]} 28. Qg4 {[%emt 0:01:10]} Rd8 {[%emt 0:01:11]} 29. Rc8 {[%emt 0:00:38]} Ke7 {[%emt 0:00:51]} 30. Bg5+ {[%emt 0:04:01]} Nf6 {[%emt 0:00:21]} 31. Bxf6+ {[%emt 0:00:35]} Bxf6 {[%emt 0:00:21]} 32. Rc7+ {[%emt 0:00:26]} Kf8 {[%emt 0:00:56]} 33. Rdd7 {[%emt 0:01:34]} Rxd7 {[%emt 0:00:57]} 34. Qxd7 {[%emt 0:00:21]} Qb3 {[%emt 0:00:33]} 35. e5 {[%emt 0:00:36]} Bxe5 {[%emt 0:00:31]} 36. Qe7+ {[%emt 0:00:22]} 1-0